| Registos Bibliográficos associados ao registo de autoridade |
|
Etiqueta de registo: 00000nam 2200025 450 001 2278878 003 http://id.bnportugal.gov.pt/bib/catbnp/2278878 100 ## $a20260310d2023 k y0pory01030103ba 101 0# $aeng$dpor 102 ## $aPT 105 ## $aa m 000yy 106 ## $ar 200 1# $aDynamic End-to-End reliable causal Delivery middleware for geo-replicated services$fGeorges Younes$gorient. Carlos Baquero, Ali Shoker 210 #9 $a[S.l.$cs.n.],$d2023 215 ## $aXVI, 129 p.$cil.$d30 cm 328 #1 $aTese dout. Informática, Escola de Engenharia, Universidade do Minho, Universidade
de Aveiro, Universidade do Porto, 2023 675 ## $a004.73(043)$vBN$zpor$3813506 675 ## $a004.9(043)$vBN$zpor$3788403 700 #1 $91$aYounes,$bGeorges$31990531 702 #1 $aShoker,$bAli$4727$31990533 702 #1 $aMoreno,$bCarlos Miguel Ferraz Baquero$4727$31464755 801 #0 $aPT$bBN$gRPC 966 ## $lBN$mFGMON$x1 971 ## $corlando$d20260310 973 ## $ctrodrigues$d20260417
|
|
|